| 000 | 00443nam a22001577a 4500 | ||
|---|---|---|---|
| 020 | _a9694081211 | ||
| 082 |
_a297.63 _bHAM |
||
| 100 | _aDr. Muhammad Hameed Ullah | ||
| 245 |
_aKhutbat e Bahawalpur _cDr. Muhammad Hameed Ullah |
||
| 260 |
_aIslamabad _bIdara Tehqeeqat e Islami _c2005 |
||
| 300 | _a424p | ||
| 563 | _aHB | ||
| 650 |
_aPreaching - _aIslam _9113866 |
||
| 880 |
_6245-02\r _aخطبات بہاولپور |
||
| 942 |
_2ddc _cBK |
||
| 999 |
_c595290 _d595290 |
||